Майстер (Запис № 324101)

МАРК-запис
000 -Лідер
fixed length control field 00605nam a22002417a 4500
003 - Ідентифікатор контрольного номера
control field UA-OsUOA
001 - Контрольний номер
control field 37934
007 - Фіксоване поле фізичного опису
fixed length control field ta
008 - Елементи даних фіксованої довжини – загальна інформація
fixed length control field 20060419b un ||||| |||| 00| 0 ukr d
090 ## - Локальний шифр розміщення
Класифікаційний індекс УДК 929:792(477)
Авторський знак (НП) М48
040 ## - Джерело каталогізації
Агенція оригінальної каталогізації UA-OsUOA
Мова каталогізації ukr
Агенція, яка здійснювала перезапис UA-OsUOA
Агенція, яка здійснювала модифікацію UA-OsUOA
041 ## - Код мови
Код мови тексту/ звукової доріжки чи окремого заголовка (П) ukr
080 ## - Індекс Універсальної десяткової класифікації
Індекс Універсальної десяткової класифікації (УДК) (НП) 929:792(477)
020 ## - Міжнародний стандартний книжковий номер (ISBN)
Міжнародний стандартний книжковий номер (ISBN) (НП) 966-06-0405-Х
100 ## - Основне введення – ім’я особи
Ім’я особи (НП) Мельниченко В.
245 ## - Відомості про назву
Назва (НП) Майстер
260 ## - Публікація, розповсюдження і т.п. (Вихідні дані)
Місце публікації, розповсюдження і т.п. (П) К.
Ім’я/ наймення видавництва, розповсюджувача і т.п. (П) Либідь
Дата публікації, розповсюдження і т.п. (П) 2005
300 ## - Фізичний опис
Обсяг 392 с.
650 #7 - Додаткове предметне введення – тематичний термін
Тематичний термін чи географічна назва, як елемент введення (НП) 9 Географія. Біографії. Історія
Джерело заголовка чи терміна UDC
942 ## - Додаткові елементи входу (Коха)
Тип елемента Koha Книги
955 ## - Код типу видання за змістом
Код типу видання за змістом (НП) Навчальні видання
Фонди
Стан вилучень Стан втрат Джерело класифікації або схеми стелажів Стан уражень Не для кредиту Постійне місце розташування Поточне розміщення Дата придбання Джерело придбання Вартість, звичайна ціна покупки Інвентарний номер Усього замовленно Повний номер виклику Штрих-код Дата останнього перегляду Ціна ефективна від Тип елемента Koha Код колекції
    Universal Decimal Classification     АБ - Абонемент НБ АБ - Абонемент НБ 07/05/2007 91/2007 58.34 104626   929:792(477) М48 104626 19/01/2022 19/04/2006 Книги  
    Universal Decimal Classification     ЧЗ - Читальна зала ЧЗ - Читальна зала 21/08/2007 142/2007 20.00 106412   929:792(477) М48 106412 06/02/2022 19/04/2006 Книги Колекція Жулинського М.Г.
    Universal Decimal Classification     ЧЗ - Читальна зала ЧЗ - Читальна зала 04/03/2009 28/2009 58.34 119820   929:792(477) М48 119820 07/02/2022 19/04/2006 Книги  
    Universal Decimal Classification     ЧЗ - Читальна зала ЧЗ - Читальна зала 19/04/2006 36/2006 58.34 96052   929:792(477) М48 96052 07/02/2022 19/04/2006 Книги  
    Universal Decimal Classification     ЧЗ - Читальна зала ЧЗ - Читальна зала 19/04/2006 36/2006 58.34 96053   929:792(477) М48 96053 07/02/2022 19/04/2006 Книги  
    Universal Decimal Classification     ЧЗ - Читальна зала ЧЗ - Читальна зала 19/04/2006 36/2006 58.34 96054   929:792(477) М48 96054 07/02/2022 19/04/2006 Книги